FLUID MECHANICS (Record no. 8232)

MARC details
000 -LEADER
fixed length control field 00457nam a22001697a 4500
003 - CONTROL NUMBER IDENTIFIER
control field SGT
020 ## - INTERNATIONAL STANDARD BOOK NUMBER
International Standard Book Number 9788120345935
082 ## - DEWEY DECIMAL CLASSIFICATION NUMBER
Classification number 620.106
Item number RAT
100 ## - MAIN ENTRY--PERSONAL NAME
Personal name RATHAKRISHANA,ETHIRAJAN
245 ## - TITLE STATEMENT
Title FLUID MECHANICS
Remainder of title AN INTRODUCATION
250 ## - EDITION STATEMENT
Edition statement 3RD
260 ## - PUBLICATION, DISTRIBUTION, ETC. (IMPRINT)
Place of publication, distribution, etc NEW DELHI
Name of publisher, distributor, etc PHI
Year of Publication 2013
300 ## - PAGE DESCRIPTION
No. of Pages 320
650 ## - SUBJECT ADDED ENTRY--TOPICAL TERM
Topical term or geographic name as entry element MECHANICAL ENGINEERING
653 ## - KEYWORDS--INDEX TERM
Keyword term FLUID MECHANICS, DIMENSIONAL ANALYSIS AND SIMILARITY,BOUNDARY LAYER, VORTEX THEORY
942 ## - ADDED ENTRY ELEMENTS (KOHA)
Source of classification or shelving scheme Dewey Decimal Classification
Koha item type Books
Holdings
Withdrawn status Lost status Source of classification or shelving scheme Damaged status Not for loan Home library Current library Shelving location Date acquired Vendor Name Cost, normal purchase price SGTU Total Checkouts Full call number Accession No. (Barcode) Date last seen Bill Date Koha item type
    Dewey Decimal Classification     SGT Engineering Library SGT Engineering Library Reference Book 13/01/2016 GIFTED 275.00 SGTU   620.106 RAT FE6502 13/01/2016 13/01/2016 Books